000
00313nam a22001457a 4500
008
210308b ||||| |||| 00| 0 eng d
020
_a
9780813191188
041
_a
eng
080
_a
94
082
_a
94
100
_a
16
101
_a
HIS
245
_a
Japan in the 21st Century
_c
Karan, P.P
942
_2
udc
_c
BK
999
_c
55996
_d
55996